| 000 -CABECERA |
| Longitud fija campo de control |
00922nas a22002294a 4500 |
| 008 - CÓDIGOS DE INFORMACIÓN DE LONGITUD FIJA |
| Códigos de información de longitud fija |
850110c19849999spc x || 0 ||cat|| |
| 035 ## - NÚMERO DE CONTROL DEL SISTEMA |
| Número de control del sistema |
0063-80860 |
| -- |
ES-BaSLP035 |
| 040 ## - FUENTE DE LA CATALOGACIÓN |
| Centro catalogador de origen |
ES-BaBC |
| Lengua de catalogación |
cat |
| Centro transcriptor |
ES-BaBC |
| Centro modificado |
ES-BaSLP |
| 041 0# - CÓDIGO DE LENGUA |
| Código de lengua del texto/banda sonora o título independiente |
cat |
| Código de lengua del sumario o resumen |
spa |
| 043 ## - CÓDIGO DE ÁREA GEOGRÁFICA |
| Código de área geográfica |
e-sp--- |
| Código local GAC |
e-spc-- |
| Fuente del código local |
catmarc |
| 080 ## - NÚMERO DE LA CLASIFICACIÓN DECIMAL UNIVERSAL |
| Número de la Clasificación Decimal Universal |
070(467.1) |
| 245 00 - MENCIÓN DE TÍTULO |
| Título |
Annals del periodisme català : |
| Resto del título |
revista trimestral editada per l'Associació de la Premsa de Barcelona / |
| Mención de responsabilidad, etc. |
dir. Jaume Guillamet. |
| 260 ## - PUBLICACIÓN, DISTRIBUCIÓN, ETC. (PIE DE IMPRENTA) |
| Lugar de publicación, distribución, etc. |
Barcelona : |
| Nombre del editor, distribuidor, etc. |
l'Associació, |
| Fecha de publicación, distribución, etc. |
1984- |
| 300 ## - DESCRIPCIÓN FÍSICA |
| Extensión |
vol. ; |
| Dimensiones |
22 cm. |
| 310 ## - PERIODICIDAD ACTUAL |
| Periodicidad actual |
Trimestral |
| 362 0# - FECHAS DE PUBLICACIÓN Y/O DESIGNACIÓN SECUENCIAL |
| Fecha de publicación y/o designación secuencial |
Any 1, núm. 0 (1984, abr./juny)- |
| 500 ## - NOTA GENERAL |
| Nota general |
Amb el títol "Anals del periodisme català" sortí els anys 1933/1936 una publicació mensual editada per l'Associació de Periodistes de Catalunya. |
| 546 ## - NOTA DE LENGUA |
| Nota de lengua |
Text en català i castellà. |
| 650 #4 - PUNTO DE ACCESO ADICIONAL DE MATERIA - TÉRMINO DE MATERIA |
| Término de materia o nombre geográfico como elemento inicial |
Periodisme |
| Subdivisión geográfica |
Catalunya |
| 710 2# - PUNTO DE ACCESO ADICIONAL - NOMBRE DE ENTIDAD |
| Nombre de entidad o nombre de jurisdicción como elemento inicial |
Associació de la Premsa de Barcelona |
| 752 ## - PUNTO DE ACCESO ADICIONAL - NOMRE JER´RQUICO DE LUGAR |
| Ciudad |
Barcelona. |